000 00955nam a2200265Ia 4500
003 OSt
005 20220930092709.0
006 a|||||r|||| 00| 0
007 ta
008 220926b |||||||| |||| 00| 0 eng d
024 _a23885
037 _cTheses
040 _aCRL
_cCRL
_beng
041 _2eng
_aeng
100 _aSulekar Harish
_9549504
110 _aUniversity OF Delhi. Faculty OF Medical Sciences. Department OF Master OF Surgery
_9549505
245 0 _aProspective, randomized, double- blind study to assess the optimal time required to relieve pain during cystoscopy using 2% lignocaine gel
260 _c2014
650 _aSURGERY
700 _a Dr. Arun Gupta Gu.
_9536029
700 _a Dr. Ashok Kumar Gu.
_9532098
700 _aUniversity OF Delhi. Faculty OF Medical Sciences. Department OF Master OF Surgery
_9549506
942 _cDIS
_2CC
999 _c884170
_d884170